000 005920000a22001930004500
090 _aAR
_b00256
245 1 0 _aZur kenntnis von Brachymeles und Tropidophorus (<Sauria: Sciencidae>)
650 1 4 _aHerpetofauna
_94239
650 1 4 _aCarnívoros
_94862
650 1 4 _aReproducción animal
_987770
650 1 4 _aHabitat animal
_993094
653 _gBrachymeles
_eBrachymeles talinis
653 _gTropidophorus
_eTropidophorus grayi
041 0 _aAlemán
700 1 _aGaulke, Maren
_993101
100 1 _aKlemmer, Konrad
_993050
942 _cARTICULO
773 1 _tSalamandra
_388
_h1
_q55-64
_d1993
_g29
999 _c9356
_d9356